000
00264nam a2200109Ia 4500
008
240625s9999 xx 000 0 und d
041
_a
eng
082
_a
657 BHA
100
_a
BHATTACHARYYA S K
245
_a
ACCOUNTING FOR MANAGEMENT TEXT AND CASES
260
_c
1996
999
_c
38157
_d
38157